Zsilinszky börtönlevelei

Elmentve itt :
Bibliográfiai részletek
Szerző: Vigh Károly
További közreműködők: Bajcsy-Zsilinszky Endre
Dokumentumtípus: Cikk
Megjelent: 1984
Sorozat:Tiszatáj 38 No. 3
Kulcsszavak:Magyarország története - 20. sz., Bajcsy-Zsilinszky Endre
Online Access:http://tiszataj.bibl.u-szeged.hu/12507
LEADER 00644nab a2200193 i 4500
001 tisza12507
005 20200330142749.0
008 161217s1984 hu o 0|| hun d
022 |a 0133-1167 
040 |a SZTE Tiszatáj Archívum  |b hun 
041 |a hun 
100 1 |a Vigh Károly 
245 1 0 |a Zsilinszky börtönlevelei  |h [elektronikus dokumentum] /  |c  Vigh Károly 
260 |c 1984 
300 |a 54-70 
490 0 |a Tiszatáj  |v 38 No. 3 
695 |a Magyarország története - 20. sz., Bajcsy-Zsilinszky Endre 
700 0 2 |a Bajcsy-Zsilinszky Endre 
856 4 0 |u http://tiszataj.bibl.u-szeged.hu/12507/1/tiszataj_1984_003_054-070.pdf  |z Dokumentum-elérés